La República de Costa Rica en Centroamérica

Uloženo v:
Podrobná bibliografie
Hlavní autor: Wagner, Moritz
Další autoři: Scherzer, Carl, Lines, Jorge A. (traductor)
Médium: Neznámo
Vydáno: San José, Costa Rica Ministerio de Cultura Juventud y Deportes. Departamento de publicaciones 1974
Edice:Serie Nos ven número 2
Témata:
Tagy: Přidat tag
Žádné tagy, Buďte první, kdo vytvoří štítek k tomuto záznamu!

MARC

LEADER 000000000a22000000004500
001 002009
041 0 |a español 
092 0 |a 917.286.045 W134r 
100 1 |a Wagner, Moritz 
700 1 2 |a Scherzer, Carl 
700 1 2 |a Lines, Jorge A.   |e traductor 
245 1 3 |a La República de Costa Rica en Centroamérica 
260 |a San José, Costa Rica   |b Ministerio de Cultura Juventud y Deportes. Departamento de publicaciones   |c 1974 
300 |a Volúmenes 
440 0 |a Serie Nos ven   |v número 2 
500 |a número de inscripción 1263 (Volúmen 2) -- Título de la cubierta: La república de Costa Rica en la América Central. -- La biblioteca no posee el volúmen uno 
651 4 |a COSTA RICA 
650 4 |a HISTORIA 
650 4 |a COLONIZACION 
650 4 |a DESCRIPCIONES Y VIAJES 
650 4 |a EPOCA COLONIAL 
999 |c 2889  |d 2889